03645cam a22016694i 4500003000900000005001700009008004100026020001500067020001800082035002000100040003300120082001600153100003900169245006300208264003000271300005600301336002100357337002500378338002300403505044400426526000900870526000900879526001000888526001000898526001000908526001000918526001000928526001000938526001000948526001000958526001000968526001000978526001000988526001000998526001001008526001001018526001001028526001001038526001001048526001001058526001001068526001001078526001001088526001001098526001001108526001001118526001001128526001001138526001001148526001001158526001001168526001001178526001001188526001001198526001001208526001001218526001001228526001001238526001001248526001001258526001001268526001001278526001001288526001001298526001001308526001001318526001001328526000901338526000901347526000901356526000901365526000901374526000901383526000901392526000901401526000901410526000901419526000901428526000901437526000901446526000901455526000901464526000901473526000901482526000901491526000901500526000901509526000901518526000901527526000901536526000901545526000901554526000901563526000901572526000901581526000901590526000901599526000901608526000901617526001001626526000901636526000901645526000901654526000901663526000901672526000901681526000901690526000801699526000801707526000801715526000801723526000801731526000801739526000801747526000801755526000801763526000801771526000801779526000801787526000801795526000801803526000901811526000801820526000801828526000801836526000801844526000801852526000901860526000801869526000801877526000801885526000801893526000801901526000901909526000801918526000801926526000901934526000801943526000801951526000801959526000801967PE-LiUPU20250813165400.0160913s r 000 0 spa d a9587360125 a9789587360127 a(Sirsi) a163423 aPE-LiUPUbspacPE-LiUPUerda04a632.96bD971 aDurán Ramírez, Felipe,eautor. aControl biológico de plagas /cFelipe Durán Ramírez. aColombia :bGrupo latino. a407 páginas :bIlustraciones ;c27 centímetros. atext2rdacontent aunmediated2rdamedia avolume2rdacarrier0 aControl biológico compenente fundamental del MIP: origen, definiciones y conceptos básicos -- Los entomopatógenos en el manejo integrado de plagas -- Producción y utilización de medios biológicos de uso fitosanitario en cuba -- Formulación de bioplaguicidas -- Control biológico y curentena: riesgos y precauciones -- Manejo biológico de plagas de tomate -- Integración, única estrategia viable del MIP en forestales. aP203 aP200 aSEG65 aSEG64 aSEG63 aSEG62 aSEG61 aSEG60 aSEG59 aSEG58 aSEG57 aSEG56 aSEG55 aSEG54 aSEG53 aSEG52 aSEG51 aSEG50 aSEG49 aSEG48 aSEG47 aSEG46 aSEG24 aSEG23 aSEG22 aSEG21 aSEG20 aSEG19 aSEG18 aSEG17 aSEG16 aSEG14 aSEG13 aSEG12 aSEG11 aSEG10 aSEG09 aSEG06 aSEG05 aSEG04 aSEG03 aSEG02 aSEG68 aSEG66 aSEG45 aSEG25 aSEG01 aP163 aP162 aP161 aP160 aP159 aP158 aP157 aP156 aP155 aP154 aP153 aP152 aP151 aP150 aP149 aP142 aP141 aP140 aP139 aP138 aP137 aP132 aP131 aP130 aP126 aP125 aP124 aP123 aP115 aP122 aP121 aP116 a P114 aP112 aP111 aP104 aP103 aP102 aP101 aP100 aP96 aP95 aP93 aP92 aP91 aP88 aP83 aP82 aP79 aP78 aP75 aP74 aP71 aP69 a P51 aP49 aP48 aP47 aP33 aP31 a P30 aP29 aP27 aP26 aP25 aP24 a P22 aP10 aP09 a P08 aP06 aP05 aP04 aP01